000 00351nam a22001337a 4500
005 20230816104654.0
008 230816b |||||||| |||| 00| 0 eng d
040 _aLoreto college
041 _aEnglish
082 _a320.954
_bSUN
245 _aDon't forget 2004
_badvertising secrets of an impossible election victory
850 _aLCLIB
942 _cBK
999 _c43463
_d93942